Đạo đức 4

שמור ב:
מידע ביבליוגרפי
מחבר ראשי: Lưu, Thu Thủy
מחברים אחרים: Nguyễn, Việt Bắc
פורמט: ספר
שפה:Undetermined
יצא לאור: H. Giáo dục Việt Nam 2011
נושאים:
גישה מקוונת:http://lrc.tdmu.edu.vn/opac/search/detail.asp?aID=2&ID=4501
תגים: הוספת תג
אין תגיות, היה/י הראשונ/ה לתייג את הרשומה!
Thư viện lưu trữ: Trung tâm Học liệu Trường Đại học Thủ Dầu Một
LEADER 00646nam a2200205Ia 4500
001 TDMU_4501
008 210410s9999 xx 000 0 und d
082 |a 372.83 
090 |b L522 
100 |a Lưu, Thu Thủy 
245 0 |a Đạo đức 4 
245 0 |c Lưu Thu Thủy 
260 |a H. 
260 |b Giáo dục Việt Nam 
260 |c 2011 
300 |a 48tr. 
650 |a Đạo đức  |x Giảng dạy và học tập; Sách lớp 4 
700 |a Nguyễn, Việt Bắc 
856 |u http://lrc.tdmu.edu.vn/opac/search/detail.asp?aID=2&ID=4501 
980 |a Trung tâm Học liệu Trường Đại học Thủ Dầu Một